000 00619nam a2200181Ia 4500
005 20250508153725.0
008 008 250505s9999 xx 000 0 eng d
037 _aReference
040 _aFEDL
_beng
_cFEDL
041 _aeng
_2eng
084 _a372.31, MON/RR
_qFEDL
100 _aMontessori Maria
245 0 _aAdvanced Montessori method: Scientific pedagogy as applied to the education of children from seven to eleven years. Part II. Montessori elementary material
260 _aLondon, UK
_bWilliam Heinemann
300 _a455p.
942 _cREF
_h372.31, MON/RR
999 _c1345000
_d1345000